| 000 | 00385nam a22001697a 4500 | ||
|---|---|---|---|
| 005 | 20160629164516.0 | ||
| 008 | 160629b xxu||||| |||| 00| 0 eng d | ||
| 020 | _a81-7554-271-3 | ||
| 041 | _aeng | ||
| 082 | _b10851 | ||
| 100 |
_aBarrett, Jim _93229 |
||
| 245 | _aThe Aptitude Test Work Book | ||
| 260 |
_bkogan _c2004 |
||
| 300 | _a167 | ||
| 650 |
_aManagement _9241 |
||
| 942 | _cBK | ||
| 999 |
_c4754 _d4752 |
||